|
|
|
|
| LEADER |
00000nam a22000007a 4500 |
| 005 |
20170529001319.0 |
| 007 |
cr|||| |||| |
| 008 |
170529s2017 es |||||s|||| 00||0 spa d |
| 020 |
|
|
|a 978-84-1559-181-8
|
| 035 |
|
|
|a 20279
|
| 040 |
|
|
|a vLex
|
| 090 |
|
|
|c 6714
|d 6714
|
| 100 |
1 |
|
|a Atienza Rodrg̕uez, Manuel
|
| 245 |
1 |
0 |
|a Tres Lecciones de Teora̕ del Derecho
|h [Recurso electrn̤ico] /
|c Manuel Atienza Rodrg̕uez
|
| 256 |
|
|
|a Servicio en ln̕ea
|
| 260 |
|
|
|a Alicante:
|b Editorial Club Universitario,
|c 2017
|
| 300 |
|
|
|a 1 recurso electrn̤ico
|
| 506 |
1 |
|
|a Disponible solo en los productos indicados
|d vLex Global
|d vLex Global (Academic Edition, excluding Law Schools)
|d vLex Global (U.S. Academic Edition, Law Schools)
|d vLex Global (U.S. Academic Edition, excluding Law Schools)
|d vLex Global (Academic Edition, Law Schools)
|
| 650 |
0 |
4 |
|a Derecho
|z Espaą
|
| 740 |
0 |
|
|a vLex Libros (Servicio en ln̕ea)
|
| 856 |
4 |
0 |
|u http://vlex.com/source/lecciones-teoria-derecho-20279
|z Acceso restringido
|
| 942 |
|
|
|c BOOK
|
| 999 |
0 |
|
|a Law
|